Most followed 5th generation Kpop group - Statistiques

Statistiques générales
  • Ce quiz a été pris 62 fois
  • Le résultat moyen est 21 sur 40
Statistiques - réponses
Followers Group % Correct
5 551 000 Illit
86%
6 400 000 Illit
86%
9 200 000 Illit
86%
4 000 000 Illit
86%
7 463 000 Babymonster
83%
9 600 000 Babymonster
83%
12 400 000 Babymonster
83%
11 700 000 Babymonster
83%
3 149 000 Cortis
83%
11 400 000 Cortis
83%
11 500 000 Cortis
83%
3 890 000 Cortis
83%
1 652 000 Riize
67%
5 000 000 Riize
67%
4 800 000 Riize
67%
2 000 000 Riize
67%
1 394 000 Zerobaseone
64%
4 700 000 Zerobaseone
64%
5 300 000 Zerobaseone
64%
2 100 000 Zerobaseone
64%
1 592 000 Meovv
40%
1 193 000 Tws
40%
3 300 000 Tws
40%
4 400 000 Tws
40%
2 741 000 Kiss of life
38%
3 000 000 Kiss of life
38%
3 900 000 Kiss of life
38%
2 080 000 Kiss of life
38%
1 495 000 Heart2heart
33%
4 600 000 Heart2heart
33%
5 800 000 Heart2heart
33%
2 400 000 Heart2heart
33%
1 990 000 Izna
26%
3 700 000 Nct wish
26%
4 600 000 &Team
26%
2 930 000 Triples
24%
2 303 000 Boynexdoor
7%
4 300 000 Boynexdoor
7%
5 000 000 Boynexdoor
7%
2 250 000 Boynexdoor
7%
Aucun quiz correspondant
Distribution des résultats
% des personnes avec chaque résultat
Percentile par nombre de réponses
Votre historique - résultats
Vous n’avez pas pris ce quiz